书目信息 |
| 题名: |
悦融·善融·智融
|
|
| 作者: | 应健敏 主编 | |
| 分册: | ||
| 出版信息: | 上海 上海教育出版社有限公司 2019.10 |
|
| 页数: | 265页 | |
| 开本: | 24cm | |
| 丛书名: | 走向幸福江干教育创新文库 | |
| 单 册: | ||
| 中图分类: | G764 | |
| 科图分类: | ||
| 主题词: | 学前教育--特殊教育--教学研究 | |
| 电子资源: | ||
| ISBN: | 978-7-5444-9281-2 | |
| 000 | 01175oam2 2200265 450 | |
| 001 | 0103152705 | |
| 005 | 20201103152733.0 | |
| 010 | @a978-7-5444-9281-2@dCNY78.00 | |
| 100 | @a20200605d2019 em y0chiy50 ea | |
| 101 | 0 | @achi |
| 102 | @aCN@b310000 | |
| 105 | @aa z 000yy | |
| 106 | @ar | |
| 200 | 1 | @a悦融·善融·智融@Ayue rong · shan rong · zhi rong@e幼儿园特殊儿童融合保教的探索之路@f应健敏主编 |
| 210 | @a上海@c上海教育出版社有限公司@d2019.10 | |
| 215 | @a265页@c彩图@d24cm | |
| 225 | 2 | @a走向幸福江干教育创新文库@f徐晖主编 |
| 330 | @a本书记录了丁兰幼儿园从资源教室构建,随班融合实施,到学前卫星班建设,再到康教结合实施的融合保教探索之路。同时体现了该园从感性的接纳到理性的思考,从单一的爱心到用心的融合,从无能为力到初显成效,一步步摸索幼儿园特殊儿童融合教育规律,不断积累幼儿园特殊儿童融合教育经验的发展历程。 | |
| 461 | 0 | @12001 @a走向幸福江干教育创新文库 |
| 517 | 1 | @a幼儿园特殊儿童融合保教的探索之路@Ayou er yuan te shu er tong rong he bao jiao de tan suo zhi lu |
| 606 | 0 | @a学前教育@x特殊教育@x教学研究 |
| 690 | @aG764@v5 | |
| 701 | 0 | @a应健敏@Aying jian min@c(教育学)@4主编 |
| 801 | 0 | @aCN@bBJSZM@c20201103 |
| 905 | @b1258391-5@dG764@e154@f5 | |
| 悦融·善融·智融:幼儿园特殊儿童融合保教的探索之路/应健敏主编.-上海:上海教育出版社有限公司,2019.10 |
| 265页:彩图;24cm.-(走向幸福江干教育创新文库/徐晖主编) |
| ISBN 978-7-5444-9281-2:CNY78.00 |
| 本书记录了丁兰幼儿园从资源教室构建,随班融合实施,到学前卫星班建设,再到康教结合实施的融合保教探索之路。同时体现了该园从感性的接纳到理性的思考,从单一的爱心到用心的融合,从无能为力到初显成效,一步步摸索幼儿园特殊儿童融合教育规律,不断积累幼儿园特殊儿童融合教育经验的发展历程。 |
| ● |
| 相关链接 |
|
|
|
|
正题名:悦融·善融·智融
索取号:G764/154
 
预约/预借
| 序号 | 登录号 | 条形码 | 馆藏地/架位号 | 状态 | 备注 |
| 1 | 1258391 | 212583916 | 第一样本阅览室/ [索取号:G764/154] | 在馆 | |
| 2 | 1258392 | 212583925 | 教育系资料室/ [索取号:G764/154] | 在馆 | |
| 3 | 1258393 | 212583934 | 教育系资料室/ [索取号:G764/154] | 在馆 | |
| 4 | 1258394 | 212583943 | 第四借阅区/ [索取号:G764/154] | 在馆 | |
| 5 | 1258395 | 212583952 | 第四借阅区/ [索取号:G764/154] | 在馆 |